000 00343nam a2200133Ia 4500
008 150201s2009 xx 000 0 und d
082 _a610.5
_bP09M
100 _aMARKS JR J G
245 _aLOOKING BILL & MARK'S PRINCIPLES OF DERMATOLOGY
250 _a4TH
260 _bSUNDERS ELSEVIER
_aDELHI
_c2009
650 _aDERMATOLOGY
942 _2ddc
_cBK
999 _c769
_d769